000 00674naa a2200181 4500
001 124643
003 ES-MaBCM
005 20241016143944.0
008 060327s2006 fra|r0p 0 ||fre d
021 _axx
035 _a(OCoLC)1365115670
040 _cES-MaBCM
245 0 0 _a"L'intérêt d'une bonne administration de la justice"
_b: étude de droit du contentieux administratif
_cOlivier Gabarda
650 1 7 _aJurisdicción contencioso-administrativa
_959133
651 1 4 _aFrancia
_9115364
773 0 _aEn:
_tRevue du droit public et de la science politique en France et à l'étranger
_dParis
_w104674
_gVol. 122, nº 1 (janv.-févr. 2006), p. 153-184
942 _cAREV
999 _c124643
_d124643